Classroom management for secondary teachers /
Sparad:
| Huvudupphovsman: | |
|---|---|
| Materialtyp: | Bok |
| Språk: | English |
| Publicerad: |
Boston :
Allyn and Bacon,
2000.
|
| Upplaga: | 5th ed. |
| Ämnen: | |
| Taggar: |
Lägg till en tagg
Inga taggar, Lägg till första taggen!
|
| Thư viện lưu trữ: | Mạng thư viện Đại học Đà Nẵng |
|---|
| LEADER | 00927cam a2200361 i 4500 | ||
|---|---|---|---|
| 001 | 000045433 | ||
| 003 | 4609 | ||
| 005 | 20030227150349.0 | ||
| 008 | 010326|2000 vm 000 eng | ||
| 020 | |a 0205308376 | ||
| 040 | |a IRC |c IRC |d IRC | ||
| 041 | 0 | |a eng | |
| 082 | 1 | 4 | |a 373.11024 |b EM-E |
| 100 | 1 | |a Emmer, Edmund T. | |
| 245 | 0 | 0 | |a Classroom management for secondary teachers / |c Edmund T. Emmer. |
| 250 | |a 5th ed. | ||
| 260 | |a Boston : |b Allyn and Bacon, |c 2000. | ||
| 300 | |a xii, 236 p. : |b ill. | ||
| 630 | 0 | 4 | |a Education. |
| 630 | 0 | 4 | |a Classroom management. |
| 630 | 0 | 4 | |a Secondary education. |
| 650 | 0 | 4 | |a Education, Secondary. |
| 650 | 0 | 4 | |a Classroom management. |
| OWN | |a DUT | ||
| 999 | |a From the UDN01 | ||
| TYP | |a Monograph | ||
| TYP | |a Printed language | ||
| 980 | |a Mạng thư viện Đại học Đà Nẵng | ||


